Finale de la coupe du monde 2014 - Statistiques

Statistiques générales
  • Ce quiz a été pris 127 fois
  • Le résultat moyen est 16 sur 28
Statistiques - réponses
Joueurs Réponses % Correct
Gardien - Allemagne Manuel Neuer
99%
Attaquant - Argentine Lionel Messi
98%
Remplaçant n°2 - Allemagne Mario Götze
91%
Attaquant - Argentine Gonzalo Higuaín
86%
Attaquant - Allemagne Thomas Müller
85%
Défenseur - Allemagne Jérôme Boateng
84%
Défenseur - Allemagne Mats Hummels
84%
Défenseur - Allemagne Philipp Lahm
84%
Attaquant - Allemagne Miroslav Klose
83%
Milieu - Allemagne Toni Kroos
78%
Milieu - Argentine Javier Mascherano
70%
Gardien - Argentine Sergio Romero
68%
Remplaçant n°1 - Argentine Sergio Agüero
66%
Milieu - Allemagne Bastian Schweinsteiger
63%
Milieu - Allemagne Mesut Özil
63%
Remplaçant n°1 - Allemagne André Schürrle
52%
Défenseur - Argentine Marcos Rojo
47%
Défenseur - Allemagne Benedikt Höwedes
42%
Attaquant - Argentine Ezequiel Lavezzi
39%
Défenseur - Argentine Martín Demichelis
30%
Remplaçant n°3 - Allemagne Per Mertesacker
30%
Défenseur - Argentine Ezequiel Garay
28%
Milieu - Allemagne Christoph Kramer
27%
Défenseur - Argentine Pablo Zabaleta
27%
Milieu - Argentine Lucas Biglia
25%
Remplaçant n°2 - Argentine Rodrigo Palacio
25%
Milieu - Argentine Enzo Pérez
23%
Remplaçant n°3 - Argentine Fernando Gago
11%
Aucun quiz correspondant
Distribution des résultats
% des personnes avec chaque résultat
Percentile par nombre de réponses
Votre historique - résultats
Vous n’avez pas pris ce quiz